Las mujeres y las profesiones jurd̕icas

Bibliographic Details
Main Author: Ruiz Resa, Josefa Dolores
Format: eBook
Language:Spanish
Published: Madrid: Dykinson, 2020
Subjects:
Online Access:Acceso restringido

MARC

LEADER 00000nam a22000007a 4500
005 20201116233431.0
007 cr|||| ||||
008 201116s2020 es |||||s|||| 00||0 spa d
020 |a 978-84-1324-811-0 
035 |a 32150 
040 |a vLex 
090 |c 10866  |d 10866 
100 1 |a Ruiz Resa, Josefa Dolores 
245 1 3 |a Las mujeres y las profesiones jurd̕icas  |h [Recurso electrn̤ico] /  |c Josefa Dolores Ruiz Resa 
256 |a Servicio en ln̕ea 
260 |a Madrid:  |b Dykinson,  |c 2020 
300 |a 1 recurso electrn̤ico 
506 1 |a Disponible solo en los productos indicados  |d vLex Global  |d vLex Global (Academic Edition, excluding Law Schools)  |d vLex Global (U.S. Academic Edition, Law Schools)  |d vLex Global (U.S. Academic Edition, excluding Law Schools)  |d vLex Global (Academic Edition, Law Schools) 
650 0 4 |a Derecho Laboral y Seguridad Social  |z Espaą 
740 0 |a vLex Libros (Servicio en ln̕ea) 
856 4 0 |u http://vlex.com/source/mujeres-profesiones-juridicas-32150  |z Acceso restringido 
942 |c BOOK 
999 0 |a Labor law and social security